000 00876nam a22002297a 4500
999 _c14143
_d14143
003 MIRAKIL
005 20201104123001.0
008 201104b tu ||||| |||| 00| 0 tur d
040 _aTR-AnCHP
_btur
_cTR-AnCHP
082 _aATA 327.1
_bA72 1981
245 _aAtatürk'ün milli dış politikası:
_b(Milli mücadele dönemine ait 100 belge 1919-1923)/
246 _aMilli mücadele dönemine ait 100 belge 1919-1923
260 _aAnkara:
_bKültür Bakanlığı,
_c1981.
_fEroğlu Matbaacılık Sanayii.
300 _a2 c.
_c23 sm.
490 _aDoğumunun 100. yılında Atatürk yayınları;
_v1.
490 _aKültür Bakanlığı yayınları;
_v392.
600 _aAtatürk, Mustafa Kemal
_d1881-1938
_xDış politika
650 _aKurtuluş Savaşı
_xDış politika
_x1919-1923
650 _aTürkiye
_vDış politika
_v1919-1923
942 _cBKS
_2ddc
999 _d14143